000 01323nam0a2200313 4500
001 RU\NLR\BIBL_A\022240095
005 20240715171600.0
010 _a978-5-91155-263-3
_9500
021 _aRU
_bКН-П-24-018503
_9КН-П-24-1931
035 _a(NLR Aleph) 022240095
090 _a13157673
_c13157673
100 _a20240603d2024 k y0rusy50 ca
101 0 _arus
102 _aRU
105 _aa z 000yy
181 0 _ai3
_baxxe
182 0 _an
200 1 _aМетодология экономико-математического моделирования инвестиционных проектов
_eмонография
_fД. С. Безручко
203 _aТекст
_bвизуальный
_cнепосредственный
210 _aСанкт-Петербург
_cИздательско-полиграфическая ассоциация высших учебных заведений
_d2024
215 _a144 с.
_cил., табл.
_d21
320 _aБиблиогр.: с. 143-144 (20 назв.)
606 1 _aИнвестиционные процессы
_xУправление
_2nlr_sh1
_2nlr_sh2
_3RU\NLR\AUTH\661280925
686 1 _aУ5-56-21
700 1 _aБезручко
_bД. С.
942 _cBOOK
980 _aNB